Оценка результативности деятельности и "отрицательный отбор"; Вестник Томского государственного университета. Экономика; № 2 (30)
| Parent link: | Вестник Томского государственного университета. Экономика/ Национальный исследовательский Томский государственный университет (ТГУ).— , 2007- № 2 (30).— 2015.— [С. 151-157] |
|---|---|
| Main Author: | |
| Corporate Author: | |
| Summary: | Заглавие с экрана Понятие "отрицательный отбор" все чаще упоминается в контексте проблем высшего образования. В статье проведен анализ критериев принятия решений межведомственной комиссией в отношении вузов, признанных неэффективными по результатам мониторинга деятельности учреждений высшего образования. Автором обсуждаются теоретические основы систем мониторинга образовательной деятельности. На примере анализа данных о результатах научной деятельности одного из старейших учебных заведений Сибири показана целесообразность использования для этой цели метода DEA. Режим доступа: по договору с организацией-держателем ресурса |
| Language: | Russian |
| Published: |
2015
|
| Series: | Образование |
| Subjects: | |
| Online Access: | http://elibrary.ru/item.asp?id=23710634 http://journals.tsu.ru/economy/&journal_page=archive&id=1277&article_id=22047 |
| Format: | Electronic Book Chapter |
| KOHA link: | https://koha.lib.tpu.ru/cgi-bin/koha/opac-detail.pl?biblionumber=642985 |
MARC
| LEADER | 00000nla0a2200000 4500 | ||
|---|---|---|---|
| 001 | 642985 | ||
| 005 | 20250211172623.0 | ||
| 035 | |a (RuTPU)RU\TPU\network\7973 | ||
| 035 | |a RU\TPU\network\2729 | ||
| 090 | |a 642985 | ||
| 100 | |a 20150826d2015 k||y0rusy50 ca | ||
| 101 | 0 | |a rus | |
| 102 | |a RU | ||
| 135 | |a drcn ---uucaa | ||
| 181 | 0 | |a i | |
| 182 | 0 | |a b | |
| 200 | 1 | |a Оценка результативности деятельности и "отрицательный отбор" |d Performance assessment and “adverse selection” |f М. С. Каз | |
| 203 | |a Текст |c электронный | ||
| 225 | 1 | |a Образование | |
| 300 | |a Заглавие с экрана | ||
| 320 | |a [Библиогр.: с. 157 (6 назв.)] | ||
| 330 | |a Понятие "отрицательный отбор" все чаще упоминается в контексте проблем высшего образования. В статье проведен анализ критериев принятия решений межведомственной комиссией в отношении вузов, признанных неэффективными по результатам мониторинга деятельности учреждений высшего образования. Автором обсуждаются теоретические основы систем мониторинга образовательной деятельности. На примере анализа данных о результатах научной деятельности одного из старейших учебных заведений Сибири показана целесообразность использования для этой цели метода DEA. | ||
| 333 | |a Режим доступа: по договору с организацией-держателем ресурса | ||
| 461 | |t Вестник Томского государственного университета. Экономика |f Национальный исследовательский Томский государственный университет (ТГУ) |d 2007- | ||
| 463 | |t № 2 (30) |v [С. 151-157] |d 2015 | ||
| 510 | 1 | |a Performance assessment and “adverse selection” |z eng | |
| 610 | 1 | |a электронный ресурс | |
| 610 | 1 | |a труды учёных ТПУ | |
| 610 | 1 | |a результативность | |
| 610 | 1 | |a мониторинг | |
| 610 | 1 | |a рейтинг | |
| 610 | 1 | |a регрессия | |
| 700 | 1 | |a Каз |b М. С. |c экономист |c профессор Томского политехнического университета, доктор экономических наук |f 1958- |g Михаил Семёнович |3 (RuTPU)RU\TPU\pers\31764 | |
| 712 | 0 | 2 | |a Национальный исследовательский Томский политехнический университет (ТПУ) |b Институт социально-гуманитарных технологий (ИСГТ) |b Кафедра экономики (ЭКОН) |3 (RuTPU)RU\TPU\col\18375 |
| 801 | 2 | |a RU |b 63413507 |c 20150826 |g RCR | |
| 856 | 4 | |u http://elibrary.ru/item.asp?id=23710634 | |
| 856 | 4 | |u http://journals.tsu.ru/economy/&journal_page=archive&id=1277&article_id=22047 | |
| 942 | |c CF | ||